Chasing the Falconers / (Record no. 2629)

MARC details
000 -LEADER
fixed length control field 01179cam a22003134a 4500
005 - DATE AND TIME OF LATEST TRANSACTION
control field 20240131113517.0
020 ## - INTERNATIONAL STANDARD BOOK NUMBER
International Standard Book Number 0439651360 (pbk.)
040 ## - CATALOGING SOURCE
Original cataloging agency WASD
Transcribing agency WASD
Modifying agency OCoLC
-- ICtvS
-- AkAS
-- OCoLC
-- DLC
Language of cataloging eng
050 00 - LIBRARY OF CONGRESS CALL NUMBER
Classification number PZ7.K8369
Item number Cgt 2005
082 00 - DEWEY DECIMAL CLASSIFICATION NUMBER
Classification number 303
Edition number 22
100 1# - MAIN ENTRY--PERSONAL NAME
Personal name Korman, Gordon
245 10 - TITLE STATEMENT
Title Chasing the Falconers /
Statement of responsibility, etc. Gordon Korman
250 ## - EDITION STATEMENT
Edition statement First printing, April 2005
260 ## - PUBLICATION, DISTRIBUTION, ETC.
Place of publication, distribution, etc. New York :
Name of publisher, distributor, etc. Scholastic,
Date of publication, distribution, etc. 2005
300 ## - PHYSICAL DESCRIPTION
Extent 154 pages :
Other physical details illustrations ;
Dimensions 20 cm
490 1# - SERIES STATEMENT
Series statement On the run ;
Volume/sequential designation Book 1
500 ## - GENERAL NOTE
General note "An Apple paperback".
505 ## - FORMATTED CONTENTS NOTE
Formatted contents note N
520 ## - SUMMARY, ETC.
Summary, etc. Aidan and Meg Falconers' parents are facing life in prison unless Aidan and Meg can prove their innocence, but first they must escape from a juvenile detention center and elude both the authorities and a sinister attacker who has his own reason to stop them.
521 1# - TARGET AUDIENCE NOTE
Target audience note 680 <br/>
Source Lexile<br/>
521 1# - TARGET AUDIENCE NOTE
Target audience note N <br/>
Source Raz-Plus
650 #1 - SUBJECT ADDED ENTRY--TOPICAL TERM
Topical term or geographic name entry element Fugitives from justice
Form subdivision Fiction.
650 #1 - SUBJECT ADDED ENTRY--TOPICAL TERM
Topical term or geographic name entry element Siblings
Form subdivision Fiction.
650 #1 - SUBJECT ADDED ENTRY--TOPICAL TERM
Topical term or geographic name entry element Adventure and adventurers
Form subdivision Fiction.
655 #7 - INDEX TERM--GENRE/FORM
Genre/form data or focus term Adventure fiction.
Source of term gsafd
906 ## - LOCAL DATA ELEMENT F, LDF (RLIN)
a 7
b cbc
c copycat
d 2
e ncip
f 20
g y-gencatlg
942 ## - ADDED ENTRY ELEMENTS (KOHA)
Source of classification or shelving scheme Dewey Decimal Classification
Koha item type Books
Suppress in OPAC No
999 ## -
-- 2629
-- 2629
Holdings
Withdrawn status Lost status Source of classification or shelving scheme Damaged status Not for loan Collection Home library Current library Shelving location Date acquired Total Checkouts Full call number Barcode Date last seen Copy number Price effective from Koha item type Date last checked out
    Dewey Decimal Classification     Juvenile Fiction Footprints International School Library Network Toul Kork Campus Footprints International School Library Network Toul Kork Campus   01/05/2024   KOR 303 PZ7.K8369 FIS00028 01/05/2024 1 01/05/2024 Books  
    Dewey Decimal Classification     Juvenile Fiction Footprints International School Library Network Toul Kork Campus Footprints International School Library Network Toul Kork Campus TK Primary Library Room(4th Floor), Bookcase 5&6, Shelves 33-56, Orange Books 01/31/2024 1 KOR 303 PZ7.K8369 FISSE00521 10/31/2025 2 01/31/2024 Books 10/17/2025